Το κόστος τυποποίησης και συσκευασίας των ροδακίνων : παράγοντες που το προσδιορίζουν και τρόπος μείωσής του

Αποθηκεύτηκε σε:
Λεπτομέρειες βιβλιογραφικής εγγραφής
Συγγραφή απο Οργανισμό/Αρχή: Κέντρο Προγραμματισμού και Οικονομικών Ερευνών
Άλλοι συγγραφείς: Καμενίδης, Χρίστος Θ.
Μορφή: Βιβλίο
Γλώσσα:Greek
Δημοσίευση: Αθήνα : ΚΕΠΕ, 1984
Σειρά:Θέματα προγραμματισμού ; ; 4
Θέματα:
Ετικέτες: Προσθήκη ετικέτας
Δεν υπάρχουν, Καταχωρήστε ετικέτα πρώτοι!

MARC

LEADER 00000nam a2200000 i 4500
001 1/26239
008 981216s1984 gre d
035 |l 10037532 
040 |a GR-MY-UA  |b gre  |e aacr 
041 0 |a gre 
082 0 |a 338.17415 
110 2 |a Κέντρο Προγραμματισμού και Οικονομικών Ερευνών. 
245 1 3 |a Το κόστος τυποποίησης και συσκευασίας των ροδακίνων :  |b παράγοντες που το προσδιορίζουν και τρόπος μείωσής του /  |c Χρίστος Καμενίδης...[κ.α.] 
260 |a Αθήνα :   |b ΚΕΠΕ,   |c 1984 
300 |a 152 σ. 
490 1 |a Θέματα Προγραμματισμού  |v ; 4 
504 |a Περιέχει βιβλιογραφία 
650 0 0 |a Canned fruit industry  |z Greece. 
650 0 0 |a Peach  |x Packaging  |z Greece. 
650 0 0 |a Agricultural industries  |z Greece. 
650 0 0 |a Peach  |x Marketing. 
650 0 0 |a Agriculture  |x Economic aspects  |z Greece. 
650 0 0 |a Farm produce  |x Marketing. 
700 1 |a Καμενίδης, Χρίστος Θ. 
830 0 |a Θέματα προγραμματισμού ;  |v ; 4 
852 |a INST  |b CHIOS  |e 19981216  |h 338.17415 ΚΟΣ  |p 005200015197  |q 005200015197  |t BK  |y 0 
901 |a BIBL-1998-3 
909 |a Χ  |b 055119 
922 |a 2ΔΩΡ  |b 199812  |d ΛΕΜΟΝΙΑ